Enseñanzas sobre la responsabilidad del Estado ante femicidios (Registro nro. 32556)

Detalles MARC
000 -LEADER
fixed length control field 00395 a2200121 4500
001 - CONTROL NUMBER
control field ART_52639
005 - DATE AND TIME OF LATEST TRANSACTION
control field 20260410162015.0
008 - FIXED-LENGTH DATA ELEMENTS--GENERAL INFORMATION
fixed length control field 260409a
100 1# - MAIN ENTRY--PERSONAL NAME
Personal name Caputi, María Claudia
245 10 - TITLE STATEMENT
Title Enseñanzas sobre la responsabilidad del Estado ante femicidios
700 1# - ADDED ENTRY--PERSONAL NAME
Personal name Fiol, Gerardo
773 0# - HOST ITEM ENTRY
Title Temas de derecho administrativo
Related parts - Año 6, N° 6 (jun. 2021)
Record control number REV40468

No hay ítems disponibles.